000
00231nam a2200085 4500
001
1300966
005
20260420144104.0
245
_a
YILDIRIM BEYAZID İHANET ÇEMBERİ VE YÜKSELİŞİ
_c
OKAY TİRYAKİOĞLU
260
_b
TİMAŞ YAYINLARI
999
_c
1300966
_d
1300966